000 00563nam a2200193Ia 4500
001 23777
003 IN-NITTTR
005 20251114233306.0
008 251113s9999||||xx |||||||||||||| ||eng||
040 _beng
040 _cIN-NITTTR
041 _aeng
082 _a371.144R18S
100 _aRao, Digumarti Bhaskara
245 0 _aSelf-evaluation in student teaching /
_cRao, Digumarti Bhaskara, Swamy, Chilukoti Anantha Padmanabha, Dutt, Bulusu Surya
700 _a Dutt, Bulusu Surya
700 _a Swamy, Chilukoti Anantha Padmanabha
942 _2ddc
_cBK
999 _c26406
_d26406